00370nam a2200157Ia 4500003000500000008004100005020001300046040001900059082000700078100002400085245003400109260003300143300001500176365000900191546001200200STCL221019s9999 xx 000 0 und d a70315582 aSTCLcSTCLbEN 222 aHyde, Janet Shibley 0aUnderstanding human sexuality bMcGraw HillaNew Delhic1979 axxi, 565 p b1370 aEnglish